Animals in Māori - Statistics

General Stats
  • This quiz has been taken 32 times
  • The average score is 13 of 48
Answer Stats
Hint Answer % Correct
Kiwi Kiwi
83%
Dog Kurī
74%
Cat Ngeru
74%
Fish Ika
70%
Hen Heihei
65%
Horse Hōiho
61%
Cow Kau
57%
Bird Manu
57%
Pig Poaka
57%
Sheep Hipi
52%
Tiger Taika
48%
Rat, mouse Kiore
43%
Bee
43%
Rabbit Rāpeti
43%
Spider Pūngawerewere
35%
Lion Raiona
35%
Elephant Arewhana
30%
Monkey Makimaki
30%
Butterfly Pūrerehua
30%
Duck Rakiraki
26%
Donkey Kāihe
22%
Lizard Moko
22%
Lamb Reme
22%
Deer Tia
22%
Whale Tohora
22%
Hippopotamus Hipohipo
17%
Turtle Honu
17%
Emu Īmū
17%
Giraffe Kakīroa
17%
Hedgehog Hetiheti
13%
Seal Kekeno
13%
Goat Nane
13%
Rhinoceros Rinorino
13%
Zebra Hepapa
9%
Penguin Kororā
9%
Fox Pōkiha
9%
Ant Pōpokorua
9%
Sparrow Tiu
9%
Crocodile Karakotaera
4%
Insect
4%
Reptile Ngārara
4%
Possum Pāihamu
4%
Gecko Pāpā
4%
Mosquito Waeroa
4%
Sandfly Namu
0%
Ostrich Otereti
0%
Moth Pēpepe
0%
Young, cub Punua
0%
No matching quizzes found
Score Distribution
Percent of People with Each Score
Percentile by Number Answered
Your Score History
You have not taken this quiz